| 000 | 00402nam a2200145Ia 4500 | ||
|---|---|---|---|
| 003 | SISC | ||
| 005 | 20180213132921.0 | ||
| 008 | 180205s9999 xx 000 0 und d | ||
| 020 | _a9719201827 | ||
| 100 | _aOrdoƱez, Elmer A. | ||
| 245 | 4 |
_aThe Philippines revolution and beyond : _bVolume 2 |
|
| 260 |
_aPhilippines _bPhilippine cential commision _c1998 |
||
| 300 | _av, 1066 pages | ||
| 942 |
_2lcc _cBK |
||
| 999 |
_c354716 _d354716 |
||